书目信息 |
| 题名: |
考工记
|
|
| 作者: | 周公 , 苏颂 , 秦九韶 著 | |
| 分册: | ||
| 出版信息: | 北京 蓝天出版社 1998 |
|
| 页数: | 226页 | |
| 开本: | 19cm | |
| 丛书名: | 传世名著百部 | |
| 单 册: | ||
| 中图分类: | N092 , P111.1 , Z227 | |
| 科图分类: | 50.42 | |
| 主题词: | 手工业史--中国--古代 , 水运浑象--研究--中国--宋代 , 古典数学--中国--南宋 , 百科全书--中国 | |
| 电子资源: | ||
| ISBN: | 7-80081-834-9 | |
| 000 | 01000oam2 2200337 450 | |
| 001 | 1556228301 | |
| 005 | 20151111104729.48 | |
| 010 | @a7-80081-834-9@dCNY10.00 | |
| 100 | @a20021005d1998 emky0chiy0110 ea | |
| 101 | 0 | @achi |
| 102 | @aCN@b110000 | |
| 105 | @af z 000yy | |
| 200 | 1 | @a考工记@9kao gong ji@b专著@c新仪象法要@c数书九章@f(西周)周公著@f(北宋)苏颂著@f(北朝)秦九韶著 |
| 210 | @a北京@c蓝天出版社@d1998 | |
| 215 | @a226页@c图@d19cm | |
| 225 | 2 | @a传世名著百部@v56@i百科名著 |
| 410 | 0 | @12001@@@a传世名著百部 |
| 517 | 1 | @a数书九章@9shu shu jiu zhang |
| 606 | 0 | @a手工业史@y中国@z古代 |
| 606 | 0 | @a水运浑象@x研究@y中国@z宋代 |
| 606 | 0 | @a古典数学@y中国@z南宋 |
| 606 | 0 | @a百科全书@x中国 |
| 690 | @aN092@v3 | |
| 690 | @aP111.1@v3 | |
| 690 | @aZ227@v4 | |
| 692 | @a50.42@v2 | |
| 701 | 0 | @a周公@9zhou gong@4著 |
| 701 | 0 | @a苏颂@9su song@4著 |
| 701 | 0 | @c(宋)@a秦九韶@9qin jiu shao@f(约1202~1261)@4著 |
| 801 | 0 | @aCN@bNLC@c19990119 |
| 905 | @aZUCC@dZ227@eJY6:56 | |
| 考工记.新仪象法要.数书九章/(西周)周公著/(北宋)苏颂著/(北朝)秦九韶著.-北京:蓝天出版社,1998 |
| 226页:图;19cm.-(传世名著百部;56.百科名著) |
| ISBN 7-80081-834-9:CNY10.00 |
| ● |
| 相关链接 |
|
|
|
|
正题名:考工记
索取号:Z227/JY6:56
 
预约/预借
| 序号 | 登录号 | 条形码 | 馆藏地/架位号 | 状态 | 备注 |
| 1 | 7838097 | 278380976 | 学院路分馆/ [索取号:Z227/JY6:56] | 在馆 | |
| 2 | 7838098 | 278380985 | 学院路分馆/ [索取号:Z227/JY6:56] | 在馆 | |
| 3 | 7838099 | 278380994 | 学院路分馆/ [索取号:Z227/JY6:56] | 在馆 |